000
00299nam a2200145Ia 4500
100
_a
Dickler/ H.
942
_c
BK
654
_a
Foxpro 2.6 2/e
245
_a
Foxpro 2.6 2/e
260
_b
BPB Pub
_a
New Delhi
_c
1995
082
_a
005.13 'FOX'
300
_a
766
546
_a
ENGLISH
999
_c
33410
_d
33410